<?xml version="1.0" encoding="UTF-8"?>
<record
    xmlns:xsi="http://www.w3.org/2001/XMLSchema-instance"
    xsi:schemaLocation="http://www.loc.gov/MARC21/slim http://www.loc.gov/standards/marcxml/schema/MARC21slim.xsd"
    xmlns="http://www.loc.gov/MARC21/slim">

  <leader>00558nam a22001577a 4500</leader>
  <controlfield tag="003">OSt</controlfield>
  <controlfield tag="005">20150917103119.0</controlfield>
  <controlfield tag="008">150917b        xxu||||| |||| 00| 0 eng d</controlfield>
  <datafield tag="040" ind1=" " ind2=" ">
    <subfield code="c">RUA</subfield>
  </datafield>
  <datafield tag="082" ind1=" " ind2=" ">
    <subfield code="a">AGR OUL 2004 B030 Or.1</subfield>
  </datafield>
  <datafield tag="100" ind1=" " ind2=" ">
    <subfield code="9">649</subfield>
    <subfield code="a">OUL, YOTHIN.</subfield>
  </datafield>
  <datafield tag="245" ind1=" " ind2=" ">
    <subfield code="a">effect of intensified rice crop on arthrod population (&#x17A5;&#x1791;&#x17D2;&#x1792;&#x17B7;&#x1796;&#x179B;&#x1793;&#x17C3;&#x178A;&#x17C6;&#x178E;&#x17B6;&#x17C6;&#x179F;&#x17D2;&#x179A;&#x17BC;&#x179C;&#x1787;&#x17B6;&#x17A2;&#x178F;&#x17B7;&#x1795;&#x179B;&#x1791;&#x17C5;&#x179B;&#x17BE;&#x1794;&#x17D2;&#x179A;&#x1787;&#x17B6;&#x1780;&#x179F;&#x17B7;&#x1780;&#x179A;&#x179F;&#x178F;&#x17D2;&#x179C;&#x179F;&#x17D2;&#x17A2;&#x17B7;&#x178F;)</subfield>
  </datafield>
  <datafield tag="260" ind1=" " ind2=" ">
    <subfield code="a">Phnom Peh</subfield>
    <subfield code="b">RUA</subfield>
    <subfield code="c">2004</subfield>
  </datafield>
  <datafield tag="300" ind1=" " ind2=" ">
    <subfield code="a">46p.</subfield>
    <subfield code="b">ill.</subfield>
    <subfield code="c">29cm.</subfield>
  </datafield>
  <datafield tag="942" ind1=" " ind2=" ">
    <subfield code="2">ddc</subfield>
    <subfield code="c">AGR</subfield>
  </datafield>
  <datafield tag="999" ind1=" " ind2=" ">
    <subfield code="c">622</subfield>
    <subfield code="d">622</subfield>
  </datafield>
  <datafield tag="952" ind1=" " ind2=" ">
    <subfield code="0">0</subfield>
    <subfield code="1">0</subfield>
    <subfield code="2">ddc</subfield>
    <subfield code="4">0</subfield>
    <subfield code="6">AGR_OUL_2004_000000000000000_B030_OR_1</subfield>
    <subfield code="7">0</subfield>
    <subfield code="9">2763</subfield>
    <subfield code="a">LBB</subfield>
    <subfield code="b">LBB</subfield>
    <subfield code="c">B030</subfield>
    <subfield code="d">2015-09-17</subfield>
    <subfield code="o">AGR OUL 2004 B030 Or.1</subfield>
    <subfield code="p">RUA001205</subfield>
    <subfield code="r">2015-09-17</subfield>
    <subfield code="w">2015-09-17</subfield>
    <subfield code="y">AGR</subfield>
  </datafield>
  <datafield tag="952" ind1=" " ind2=" ">
    <subfield code="0">0</subfield>
    <subfield code="1">0</subfield>
    <subfield code="2">ddc</subfield>
    <subfield code="4">0</subfield>
    <subfield code="6">AGR_OUL_2004_000000000000000_B030_OR_2</subfield>
    <subfield code="7">0</subfield>
    <subfield code="9">2944</subfield>
    <subfield code="a">LBB</subfield>
    <subfield code="b">LBB</subfield>
    <subfield code="c">B030</subfield>
    <subfield code="d">2015-09-18</subfield>
    <subfield code="l">1</subfield>
    <subfield code="o">AGR OUL 2004 B030 Or.2</subfield>
    <subfield code="p">RUA001317</subfield>
    <subfield code="r">2021-12-17</subfield>
    <subfield code="s">2021-12-03</subfield>
    <subfield code="w">2015-09-18</subfield>
    <subfield code="y">AGR</subfield>
  </datafield>
  <datafield tag="952" ind1=" " ind2=" ">
    <subfield code="0">0</subfield>
    <subfield code="1">0</subfield>
    <subfield code="2">ddc</subfield>
    <subfield code="4">0</subfield>
    <subfield code="6">AGR_OUL_2004_000000000000000_B030_OR_3</subfield>
    <subfield code="7">0</subfield>
    <subfield code="9">2945</subfield>
    <subfield code="a">LBB</subfield>
    <subfield code="b">LBB</subfield>
    <subfield code="c">B030</subfield>
    <subfield code="d">2015-09-18</subfield>
    <subfield code="l">2</subfield>
    <subfield code="o">AGR OUL 2004 B030 Or.3</subfield>
    <subfield code="p">RUA001389</subfield>
    <subfield code="r">2021-01-18</subfield>
    <subfield code="s">2020-12-25</subfield>
    <subfield code="w">2015-09-18</subfield>
    <subfield code="y">AGR</subfield>
  </datafield>
  <datafield tag="952" ind1=" " ind2=" ">
    <subfield code="0">0</subfield>
    <subfield code="1">0</subfield>
    <subfield code="2">ddc</subfield>
    <subfield code="4">0</subfield>
    <subfield code="6">AGR_OUL_2004_000000000000000_B030_OR_4</subfield>
    <subfield code="7">0</subfield>
    <subfield code="9">3330</subfield>
    <subfield code="a">LBB</subfield>
    <subfield code="b">LBB</subfield>
    <subfield code="c">B030</subfield>
    <subfield code="d">2015-09-19</subfield>
    <subfield code="l">3</subfield>
    <subfield code="o">AGR OUL 2004 B030 Or.4</subfield>
    <subfield code="p">RUA001605</subfield>
    <subfield code="r">2018-07-24</subfield>
    <subfield code="s">2018-07-13</subfield>
    <subfield code="w">2015-09-19</subfield>
    <subfield code="y">AGR</subfield>
  </datafield>
</record>
